000 01793cam a22003374a 4500
001 7189031
003 ARRUPE
005 20140130125315.0
008 080923s2009 miu b 001 0 eng
010 _a 2008041846
020 _a9781587430985 (cloth)
020 _a1587430983 (cloth)
024 _a40016679667
035 _a(OCoLC)261343110
035 _a(OCoLC)ocn261343110
035 _a(NNC)7189031
040 _aDLC
_cDLC
_dIDI
_dLTS
_dC#P
_dYDXCP
_dOrLoB-B
050 0 0 _aBS1275.53
_b.W67 2009
100 1 _aWork, Telford.
_97321
245 1 0 _aDeuteronomy /
_cTelford Work.
260 _aLondon
_bSCM press
_c2009.
300 _a333 p. ;
_c24 cm.
490 1 _aSCM theological commentary on the Bible
504 _aIncludes bibliographical references (p. 317-318) and indexes.
520 1 _a"Pastors and leaders of the classical church - such as Augustine, Calvin, Luther, and Wesley - interpreted the Bible theologically, believing Scripture as a whole witnessed to the gospel of Jesus Christ. Modern interpreters of the Bible questioned this premise. But in recent decades, a critical mass of theologians and biblical scholars has begun to reassert the priority of a theological reading of Scripture. The Brazos Theological Commentary on the Bible enlists leading theologians to read and interpret Scripture for the twenty-first century, just as the church fathers, the Reformers, and other orthodox Christians did for their times and places. In the eighth volume in the series, Telford Work presents a theological exegesis of Deuteronomy."--BOOK JACKET.
630 0 0 _aBible OT.
_pDeuteronomy
_vCommentaries.
_97322
830 0 _aBrazos theological commentary on the Bible.
_97323
900 _bTOC
942 _2lcc
_cMONOGRAPH
948 1 _a20090526
_bc
_csl13
_dMPS
999 _c119776
_d119776